Statistics for Don't Let Me Down - The Chainsmokers ft. Daya (All Lyrics)

Click here to take the quiz!

General Stats

  • This quiz has been taken 958 times
  • The average score is 311 of 356

Answer Stats

Lyrics% Correct
Don't
98%
don't
98%
let
98%
me,
98%
me
98%
down.
97%
down
97%
down,
97%
i
97%
I
97%
no.
93%
you
92%
you,
92%
now
90%
now.
90%
now,
90%
need
88%
a
87%
my
87%
Right
86%
right
86%
So
86%
the
82%
I'm
81%
in
81%
mind
79%
when
77%
be
76%
It's
76%
losing
76%
yeah.
76%
Yeah,
76%
head,
75%
think
75%
your
74%
here,
73%
here
73%
most.
73%
miracle.
72%
that
71%
darling
69%
But
68%
but
68%
you're
68%
up
67%
Crashing,
66%
hope
66%
not
66%
wall.
66%
hit
65%
out
65%
out.
65%
you'll
64%
Hurry
63%
around.
59%
name,
59%
name
59%
call
58%
say
55%
reaching
54%
Oh,
52%
of
51%
on
50%
by
49%
side.
48%
were
47%
time.
46%
thought
45%
Stranded,
44%
nobody
43%
really
42%
there's
41%
Running
38%

Score Distribution

Percentile by Number Answered

Percent of People with Each Score

Your Score History

You have not taken this quiz